00731nam a2200181 a 450000100100000000500170001000800410002702000150006804000250008310000260010824501910013426000250032530000210035070000290037170000270040095201050042799900170053200004299920201002040548.0140217s2003 xxu 000 0 spa d a0471267570 aDO-SdBNPbspacBNPHU1 aHahn, Fredrick97051610aThe slow- carb comfort food cookbook :bmore than 300 recipes that satisfy your conrort food cravings while keeping you then /cMichael R. Eades, Mary Dan Eades photographs by Marc Witz. aNew Jersey :,c2003. a312 p. ;c24 cm.1 aEades, Michael R.9705171 aEades, Mary Dan970518 001050718MOaGRbGRcCTd2014-02-17iLF1l0o p42999-10r2020-06-25w2020-06-25y1ZNo se presta c42488d42488